Sports Quiz

Random Sports or Numbers Quiz
Score 0/12 Timer 04:00
0 Plays Today
Team Player % Correct
St. LAlbert Pujols
98.7%
SeaIchiro Suzuki
98.4%
ColTodd Helton
97.5%
SFBarry Bonds
96.2%
MinJoe Mauer
94.6%
AtlChipper Jones
93.5%
CleManny Ramirez
82%
ColLarry Walker
74.4%
DetMagglio Ordonez
72.1%
BosNomar Garciaparra
66.7%
AnaDarin Erstad
43.2%
HouMoises Alou
21.6%
Remove Ads.
Support Sporcle.
Get the best of Sporcle when you Go Orange. This ad-free experience offers more features, more stats, and more fun while also helping to support Sporcle. Thank you for becoming a member.

You're not logged in!

Compare scores with friends on all Sporcle quizzes.
OR
Log In

Sporcle TV

Today on Sporcle TV


Watch our educational content, quiz creation guides, and fun videos on Sporcle TV.

Show Comments

Extras

Top Quizzes Today


Score Distribution

Paid Content

Your Account Isn't Verified!

In order to create a playlist on Sporcle, you need to verify the email address you used during registration. Go to your Sporcle Settings to finish the process.

Report this User

Report this user for behavior that violates our Community Guidelines.

Details: